01278 2200361 4500001002100000005001500021035002000036007000300056008004100059020002500100040002200125082001500147084001700162090002100179090002200200100003100222245024400253250002200497300004200519650005000561700002800611700003000639850001200669504003600681521002700717264003000744264002400774336002100798337003000819338002300849999002200872990002200894INLIS00000000085605820200715014856 a0010-0720000271ta200708t2019 yoia g 0 ind d a978-623-01-01-0160-1 aYOPDYOGbinderda04223a712.07 a712.07 FAJ p aDEP 712.07 FAJ p aCB-D.11 2019-28520 aFajrin Rawasiyyahepenulis10aPengantar desain taman SMK/MAK kelas XI :bbidang keahlian agribisnis & agroteknologi, program keahlian agribisnis tanaman, kompetensi keahlian lanskap dan pertamanan /cpenulis, Fajrin Rawasiyyah, Aminah Oktavia; penyunting, Venen Anantya aEdisi revisi 2018 aix, 176 halaman :bilustrasi ;c25 cm 4aArsitektur pertamanan--xStudi dan pengajaran0 aAminah Oktaviaepenulis0 aVenan Anantyaepenyunting aYOPDYOG aBibliografi : halaman [175]-176 aUntuk SMK/MAK kelas XI 1aYogyakarta :bAndi,c2019 4a©2019 pada penulis 2rdacontentateks 2rdamediaatanpa perantara 2rdacarrieravolume aCB-D.11/2019-2852 aCB-D.11/2019-2852